[Event "Fica B (2)"]
[Site "http://www.queenalice.com/game.php?id=1394604"]
[Date "2015.11.17"]
[Round "-"]
[White "JOROVAS"]
[Black "jw16js"]
[Result "0-1"]
[WhiteElo "1658"]
[BlackElo "1685"]

1. e4 e5 2. g3 Bc5 3. Qe2 Qf6 4. Nf3 g5 5. Bg2 g4 6. Ng1 b6 7. Nc3 c6 8. f3 Ba6
9. Qd1 b5 10. d3 b4 11. Nb1 gxf3 12. Nxf3 h6 13. b3 Qd6 14. Bb2 f6 15. Nh4 Ne7
16. Qh5+ Kd8 17. Bh3 Bb7 18. Nf5 Nxf5 19. Qxf5 Re8 20. Rf1 Rf8 21. Nd2 Bc8 22.
Nc4 Qe7 23. Rd1 Na6 24. d4 d5 25. Qh5 Bxh3 26. Qxh3 exd4 27. Na5 Qxe4+ 28. Kf2
d3+ 29. Bd4 Bxd4# 0-1

[Event "Challenge"]
[Site "http://www.queenalice.com/game.php?id=1402963"]
[Date "2016.1.7"]
[Round "-"]
[White "JOROVAS"]
[Black "EdBrazil"]
[Result "1-0"]
[WhiteElo "1644"]
[BlackElo "1545"]

1. e4 e5 2. Nf3 f6 3. b3 c5 4. Nc3 Ne7 5. Bc4 d6 6. Bb2 Nbc6 7. Qe2 Bd7 8. Qd3
Qb6 9. Qxd6 Bg4 10. Nd5 Nxd5 11. Qxd5 Bxf3 12. gxf3 Nd4 13. Bxd4 cxd4 14. Qf7+
Kd8 15. Be6 Qc7 16. O-O-O Be7 17. Kb1 a5 18. Qxg7 Rf8 19. Rhg1 Ra6 20. Bc4 Rc6
21. c3 a4 22. Qxh7 dxc3 23. dxc3+ Bd6 24. Rg7 Qb6 25. Qf5 Rc7 26. Rg8 Rxg8 27.
Qxf6+ Re7 28. Rxd6+ Ke8 29. Rxb6 Rg1+ 30. Kc2 a3 31. Bb5+ 1-0

[Event "Challenge"]
[Site "http://www.queenalice.com/game.php?id=1407435"]
[Date "2016.2.3"]
[Round "-"]
[White "jw16js"]
[Black "JOROVAS"]
[Result "0-1"]
[WhiteElo "1631"]
[BlackElo "1630"]

1. c4 e5 2. e4 d6 3. g3 Bd7 4. b3 Nf6 5. f3 Nc6 6. Bb2 Qe7 7. a3 O-O-O 8. g4 g6
9. g5 Nh5 10. h4 Nf4 11. Rh2 Bg7 12. Nc3 Be6 13. b4 f6 14. Nce2 Nd3# 0-1

[Event "CEARAH 1"]
[Site "http://www.queenalice.com/game.php?id=1416117"]
[Date "2016.4.1"]
[Round "-"]
[White "jw16js"]
[Black "JOROVAS"]
[Result "0-1"]
[WhiteElo "1652"]
[BlackElo "1656"]

1. e4 e5 2. d4 f6 3. d5 d6 4. h3 a6 5. Qf3 h6 6. g4 Nd7 7. Qf5 Ne7 8. Qh5+ g6 9.
Qh4 Ng8 10. f3 f5 11. Qf2 f4 12. Bg2 b5 13. b4 Nb6 14. Ne2 Be7 15. Kd1 c5 16.
dxc6 Nc4 17. Nec3 Bh4 18. Qe2 Ne7 19. Nd2 Be6 20. Nd5 Nxc6 21. Nxc4 Nd4 22. Qd3
bxc4 23. Qxc4 O-O 24. c3 Nb5 25. a4 Rc8 26. Qb3 Nxc3+ 27. Kd2 Bf2 28. Bb2 Be3+
29. Ke1 Bd4 30. Bf1 Rc6 31. b5 Qh4+ 32. Kd2 Qf2+ 33. Kd3 Qxf3+ 34. Kd2 Nxe4+ 35.
Ke1 Qf2+ 0-1

[Event "CEARAH 2"]
[Site "http://www.queenalice.com/game.php?id=1416118"]
[Date "2016.4.1"]
[Round "-"]
[White "JOROVAS"]
[Black "jw16js"]
[Result "1-0"]
[WhiteElo "1682"]
[BlackElo "1608"]

1. e4 e5 2. d3 b6 3. a3 Bc5 4. Nf3 Qf6 5. b4 Bd4 6. c3 Bxc3+ 7. Nxc3 c6 8. Qb3
b5 9. Bg5 Qd6 10. Bh4 f6 11. g3 h6 12. g4 g5 13. Bg3 a6 14. Nd1 Ne7 15. Nxe5
fxe5 16. Qc3 Qd4 17. Bxe5 Qxc3+ 18. Bxc3 Rg8 19. Ne3 d6 20. Bg2 Bb7 21. Bf6 Ng6
22. O-O-O Rf8 23. Bd4 Rxf2 24. Bg7 Bc8 25. Rdf1 Rxf1+ 26. Rxf1 Nf4 27. Bxh6 Nxg2
28. Nxg2 Bxg4 29. Ne3 Be2 30. Rf8+ Kd7 31. Kd2 Ke7 32. Kxe2 c5 33. Nd5+ Kd7 34.
Nb6+ Kc7 35. Nxa8+ Kb7 36. Nb6 Nc6 37. Nd5 Nd4+ 38. Kd1 Ne6 39. Rf7+ Kc8 40.
bxc5 dxc5 41. Rf5 g4 42. Rf6 Kd7 43. Rg6 c4 44. dxc4 bxc4 45. Nb6+ Ke7 46. Nxc4
Nc5 47. Rxg4 Nd3 48. Ke2 Nc5 49. Bd2 Ke6 50. h4 Kf6 51. h5 Ne6 52. h6 Nf8 53.
Bb4 Nd7 54. h7 1-0

[Event "AGORA OU NUNCA (1)"]
[Site "http://www.queenalice.com/game.php?id=1420594"]
[Date "2016.4.30"]
[Round "-"]
[White "jw16js"]
[Black "JOROVAS"]
[Result "0-1"]
[WhiteElo "1579"]
[BlackElo "1695"]

1. e4 c5 2. b3 d6 3. Bb2 e5 4. Bc4 Qg5 5. Qf3 Nf6 6. Nh3 Qg6 7. d3 Bg4 8. Qg3
Nh5 9. Qh4 Be7 10. Qxe7+ Kxe7 11. Bc1 Bxh3 12. gxh3 Qg2 13. Rf1 Nc6 14. a3 Nd4
15. Kd2 Qxf1 16. Bb2 Qe2+ 17. Kc3 Qxc2# 0-1

[Event "primeira"]
[Site "http://www.queenalice.com/game.php?id=1426221"]
[Date "2016.6.4"]
[Round "-"]
[White "jw16js"]
[Black "JOROVAS"]
[Result "0-1"]
[WhiteElo "1584"]
[BlackElo "1715"]

1. e4 e5 2. g3 Nf6 3. Bg2 d6 4. h3 Nc6 5. c3 Bd7 6. Bf3 g6 7. b4 b5 8. g4 Qc8 9.
Be2 a6 10. Bd3 Be6 11. g5 Nh5 12. Be2 Nf4 13. Bf1 Be7 14. d3 Bxg5 15. f3 Bh4+
16. Kd2 Bg5 17. Kc2 f5 18. h4 Bf6 19. Nd2 d5 20. Nb3 Be7 21. exd5 Bxd5 22. Bxf4
exf4 23. Nd2 Qe6 24. Kb1 Qf6 25. Qc2 Qe5 26. d4 Qe3 27. Be2 Qf2 28. Qd1 Qg2 29.
Nh3 Bd6 30. Ng5 h6 31. Rg1 Qf2 32. Rh1 hxg5 33. hxg5 Rxh1 34. Qxh1 Qxe2 35. Qh8+
Bf8 36. Kc2 Bxf3 37. d5 Ne5 38. Qf6 Qd3+ 39. Kb3 Bxd5+ 40. Ka3 Qxc3+ 41. Nb3
Nc4# 0-1

[Event "SEGUNDAj"]
[Site "http://www.queenalice.com/game.php?id=1426222"]
[Date "2016.6.4"]
[Round "-"]
[White "JOROVAS"]
[Black "jw16js"]
[Result "1-0"]
[WhiteElo "1704"]
[BlackElo "1588"]

1. e4 c5 2. d3 e5 3. Nc3 Nf6 4. Bg5 Na6 5. a3 Be7 6. Qf3 d6 7. Qg3 Nh5 8. Bxe7
Qxe7 9. Qf3 g6 10. Nd5 Qe6 11. d4 cxd4 12. Bxa6 Qd7 13. Bb5 Qxb5 14. Nc7+ Ke7
15. Nxb5 a6 16. Nc7 Ra7 17. Nd5+ Kf8 18. g4 Nf4 19. Nxf4 exf4 20. Qxf4 Ke7 21.
Qd2 f6 22. g5 Rd8 23. Qxd4 Ra8 24. Qxf6+ Kd7 25. O-O-O Kc7 26. Qe7+ Bd7 27.
Qxd6+ Kc8 28. Rd5 b5 29. Rc5+ Kb7 30. Qc7# 1-0

[Event "Challenge"]
[Site "http://www.queenalice.com/game.php?id=1435491"]
[Date "2016.8.10"]
[Round "-"]
[White "JOROVAS"]
[Black "fenomeno"]
[Result "1-0"]
[WhiteElo "1658"]
[BlackElo "1724"]

1. d4 d5 2. c3 e6 3. e3 c5 4. Bb5+ Bd7 5. Qd3 c4 6. Bxd7+ Nxd7 7. Qd1 Ngf6 8. f3
Be7 9. Ne2 O-O 10. O-O b5 11. a4 a6 12. b3 e5 13. dxe5 Nxe5 14. Qd4 Bd6 15. axb5
axb5 16. Rxa8 Qxa8 17. Nd2 Re8 18. Qb6 Ba3 19. Qxb5 Bxc1 20. Nxc1 h6 21. f4 Neg4
22. e4 Ne3 23. Re1 Nc2 24. Re2 1-0

[Event "Challenge"]
[Site "http://www.queenalice.com/game.php?id=1435493"]
[Date "2016.8.10"]
[Round "-"]
[White "fenomeno"]
[Black "JOROVAS"]
[Result "0-1"]
[WhiteElo "1705"]
[BlackElo "1677"]

1. e4 Nf6 2. d3 Nc6 3. Nf3 d6 4. c4 Bg4 5. Be2 h6 6. O-O e5 7. Nc3 Bxf3 8. Bxf3
g5 9. Bg4 Nd4 10. Nd5 Nxd5 11. cxd5 b5 12. Bd2 h5 13. Bxh5 c6 14. Bc3 c5 15.
Bxd4 exd4 16. Qf3 Qe7 17. Rae1 O-O-O 18. Bxf7 Qe5 19. Qf5+ Qxf5 20. exf5 Bg7 21.
Re7 Bf6 22. Rxa7 Kb8 23. Ra5 b4 24. b3 Be5 0-1

[Event "jogo 01"]
[Site "http://www.queenalice.com/game.php?id=1437599"]
[Date "2016.8.24"]
[Round "-"]
[White "jw16js"]
[Black "JOROVAS"]
[Result "1-0"]
[WhiteElo "1664"]
[BlackElo "1726"]

1. e4 e5 2. g3 d6 3. Bg2 Nc6 4. c3 Nf6 5. h3 h5 6. d3 Be7 7. f3 Be6 8. h4 Nd7 9.
Ne2 Nc5 10. b4 Nd7 11. b5 Na5 12. c4 O-O 13. Bg5 Bxg5 14. hxg5 Qxg5 15. Nbc3 b6
16. Qc1 Qg6 17. Rh4 Nf6 18. Qe3 Nb7 19. d4 exd4 20. Qxd4 Nd7 21. Nd5 Bxd5 22.
Qxd5 Na5 23. Kf2 Qf6 24. Rah1 Ne5 25. Rxh5 Ng6 26. Nf4 Qb2+ 27. Ne2 Qxa2 28. Bf1
Qxc4 29. Qf5 Rae8 30. Nf4 Qd4+ 31. Kg2 Qb2+ 32. Kg1 Qf6 33. Rh8+ Nxh8 34. Qh7#
1-0

[Event "jogo 02"]
[Site "http://www.queenalice.com/game.php?id=1437600"]
[Date "2016.8.24"]
[Round "-"]
[White "JOROVAS"]
[Black "jw16js"]
[Result "1-0"]
[WhiteElo "1708"]
[BlackElo "1655"]

1. d4 Nf6 2. e3 e6 3. a3 g6 4. b4 Ne4 5. Bb2 Qf6 6. f3 Nd6 7. e4 Qg7 8. Qc1 f6
9. c4 b6 10. c5 Nf7 11. Nc3 bxc5 12. dxc5 c6 13. b5 cxb5 14. Nxb5 Na6 15. Bd4 e5
16. Be3 Be7 17. c6 d6 18. c7 Nc5 19. Rb1 a6 20. Nc3 Nd7 21. Nd5 Nd8 22. cxd8=Q+
Bxd8 23. Qc6 O-O 24. Qxa8 Ba5+ 25. Kd1 Nc5 26. Bc4 Bb7 27. Qa7 h5 28. Nc7+ Kh7
29. Ne6 Nxe6 30. Bxe6 Bc6 31. Qxa6 Ra8 32. Qxc6 Bd8 33. Qxa8 g5 34. Qxd8 h4 35.
Qc8 Kh6 36. Rb7 1-0

[Event "Challenge"]
[Site "http://www.queenalice.com/game.php?id=1440279"]
[Date "2016.9.8"]
[Round "-"]
[White "Vin100"]
[Black "JOROVAS"]
[Result "0-1"]
[WhiteElo "1428"]
[BlackElo "1722"]

1. e4 e5 2. Nf3 f6 3. d4 d6 4. Bd3 Bg4 5. h3 Bxf3 6. Qxf3 exd4 7. O-O Qe7 8. c3
dxc3 9. Nxc3 c6 10. b4 Qe5 11. Bf4 Qxc3 12. b5 c5 13. Rac1 Qb4 14. Rb1 Qa4 15.
Qe2 Qa5 16. Bd2 Qxa2 17. Bc4 Qa3 18. Qe3 Qxe3 19. Bxe3 Nd7 20. f4 Ne7 21. g4 Nb6
22. Be6 Na4 23. Ra1 Nc3 24. e5 dxe5 25. Bxc5 Nxb5 26. Rfd1 Nc6 27. Bd7+ Kf7 28.
Be3 exf4 29. Bxf4 Rd8 30. g5 f5 31. Bxf5 Rxd1+ 32. Rxd1 Nbd4 33. Bg4 Bc5 34. Rb1
Ne2+ 35. Kg2 Nxf4+ 36. Kg3 Bd6 37. Rxb7+ Kf8 38. Rd7 Bb4 39. Kxf4 g6 40. Rc7
Bd6+ 41. Ke4 Bxc7 0-1

[Event "Challenge"]
[Site "http://www.queenalice.com/game.php?id=1440833"]
[Date "2016.9.12"]
[Round "-"]
[White "chessplayer123"]
[Black "JOROVAS"]
[Result "1-0"]
[WhiteElo "1763"]
[BlackElo "1726"]

1. e4 e5 2. Nf3 d6 3. Bc4 Bd7 4. d4 f6 5. dxe5 fxe5 6. Nc3 h6 7. Nxe5 h5 8. Ng6
Rh7 9. Nd5 c6 10. Qf3 Nf6 11. Nxf6+ Qxf6 12. Qxf6 gxf6 13. Nxf8 Kxf8 14. Be3 Re7
15. Bh6+ Ke8 16. f3 d5 17. Bd3 dxe4 18. fxe4 f5 19. O-O-O fxe4 20. Bc4 b5 21.
Be2 Re6 22. Be3 Re5 23. g3 Na6 24. Bf4 Rc5 25. Kb1 Nb4 26. Bd6 Rxc2 27. Bxh5+
Kd8 28. Bxb4 Rf2 29. Bg4 Rf7 30. Bxd7 Rxd7 31. Rxd7+ Kxd7 32. Bc5 a6 33. b4 Re8
34. Re1 Kc8 35. Re3 Re6 36. h4 Re5 37. a3 Re6 38. Kc2 Re5 39. Kc3 a5 40. Kd4 Re6
41. Rxe4 Rg6 42. Re3 Rg4+ 43. Kd3 axb4 44. axb4 Kd7 45. h5 Rg7 46. Re7+ Rxe7 47.
Bxe7 Kxe7 48. Kd4 Kd6 49. h6 1-0

[Event "Challenge"]
[Site "http://www.queenalice.com/game.php?id=1440834"]
[Date "2016.9.12"]
[Round "-"]
[White "JOROVAS"]
[Black "chessplayer123"]
[Result "0-1"]
[WhiteElo "1711"]
[BlackElo "1875"]

1. e4 e5 2. f3 Nc6 3. Bb5 Bc5 4. a3 Nd4 5. Bd3 Nf6 6. b4 Bb6 7. c3 Ne6 8. Ne2 d6
9. Bb2 a6 10. Ng3 Nf4 11. Bf1 O-O 12. a4 c5 13. a5 Bc7 14. Na3 d5 15. d4 dxe4
16. fxe4 exd4 17. cxd4 cxb4 18. Nc4 Bg4 19. Qd2 Re8 20. e5 N4d5 21. Bd3 b5 22.
Ne3 Nxe3 23. Qxe3 Bd7 24. O-O Ng4 25. Qf4 Nh6 26. Qe4 f5 27. Qf3 Rf8 28. Rfe1
Qh4 29. h3 Rab8 30. Nh5 Bc8 31. Bc1 Bb7 32. Qe2 Qxd4+ 33. Be3 Qxe5 34. g3 Qd5
35. Kh2 Rbe8 36. Qb2 Be5 37. Qf2 Bxa1 38. Rxa1 Qxd3 39. Re1 Be4 40. Rc1 Rc8 41.
Bc5 Rfe8 42. Nf4 Qb3 43. Be3 Rxc1 44. Bxc1 Qd1 45. Qg1 Qxg1+ 46. Kxg1 b3 47. Nh5
Rd8 48. Ba3 Rd1+ 49. Kf2 Ra1 50. Bb4 b2 51. Bc3 b1=Q 52. Bxg7 Ra2+ 53. Ke3 Qd3+
54. Kf4 b4 55. Bxh6 Qd2+ 56. Ke5 Qxh6 57. Nf6+ Kf7 58. g4 Qxf6+ 59. Kf4 Rxa5 0-1

[Event "chessplayer123"]
[Site "http://www.queenalice.com/game.php?id=1442308"]
[Date "2016.9.21"]
[Round "1"]
[White "APSHOOTER"]
[Black "JOROVAS"]
[Result "1-0"]
[WhiteElo "1778"]
[BlackElo "1670"]

1. e4 e5 2. Bc4 Nf6 3. d3 Nc6 4. a3 d6 5. h3 Nd4 6. Nf3 Nxf3+ 7. Qxf3 h6 8. Nc3
Bd7 9. Be3 c5 10. Nd5 b5 11. Nxf6+ gxf6 12. Bd5 Rb8 13. b4 Qc7 14. Qxf6 Rh7 15.
O-O Be7 16. Bxf7+ Rxf7 17. Qh8+ Rf8 18. Qxh6 Rb6 19. Qg6+ Kd8 20. c3 Rc6 21.
Rfc1 d5 22. Qg3 dxe4 23. dxe4 cxb4 24. cxb4 Be6 25. Rxc6 Qxc6 26. Qxe5 Bf6 27.
Qb8+ Ke7 28. Bc5+ Kf7 29. Qxf8+ Kg6 30. f4 Qxe4 31. Qe8+ Kh6 32. Bf8+ Kh7 33.
Rd1 Qe3+ 34. Kh1 Qe2 35. Rd7+ Bxd7 36. Qxe2 Kg8 37. Bh6 Kh7 38. Bg5 Bg7 39. Qd3+
Kg8 40. Qxd7 1-0

[Event "chessplayer123"]
[Site "http://www.queenalice.com/game.php?id=1442317"]
[Date "2016.9.21"]
[Round "2"]
[White "JOROVAS"]
[Black "fabricioprado"]
[Result "0-1"]
[WhiteElo "1682"]
[BlackElo "1811"]

1. e4 e5 2. d3 Nf6 3. Bg5 Bc5 4. Qf3 Be7 5. Qf5 d6 6. Qf3 Bg4 7. Qe3 Nfd7 8. Qg3
Bxg5 9. Qxg4 O-O 10. Nf3 h6 11. Nc3 Nf6 12. Qh3 Nc6 13. a3 a6 14. Qg3 Nh5 15.
Qg4 Nf6 16. Qg3 Bf4 17. Qh3 Ne7 18. g3 Bg5 19. Be2 Nh7 20. Qg2 Bf6 21. h4 Ng6
22. Nd5 c6 23. Nb4 Qd7 24. h5 Ne7 25. Nd2 d5 26. exd5 cxd5 27. O-O d4 28. Bf3
Rab8 29. Nd5 Nxd5 30. Bxd5 Ng5 31. f4 Nh7 32. Rae1 exf4 33. Rxf4 Rfd8 34. Nc4
Qxd5 35. Rfe4 Nf8 36. g4 Ne6 37. Qf3 Qc6 38. b4 Ng5 39. Qg2 Nxe4 40. Rxe4 Re8
41. Rxe8+ Rxe8 42. Qxc6 bxc6 43. Kf1 Bh4 44. Nd6 Re1+ 45. Kg2 Re3 46. Nf5 Re2+
47. Kf3 Rf2+ 48. Ke4 Bf6 49. Nxd4 Bxd4 50. Kxd4 Rxc2 51. a4 Kf8 52. Ke3 Ke7 53.
d4 Kd6 0-1

[Event "chessplayer123"]
[Site "http://www.queenalice.com/game.php?id=1442326"]
[Date "2016.9.21"]
[Round "3"]
[White "chessplayer123"]
[Black "JOROVAS"]
[Result "1-0"]
[WhiteElo "1739"]
[BlackElo "1702"]

1. e4 e5 2. Nf3 d6 3. Bc4 c6 4. d3 b5 5. Bb3 a5 6. O-O a4 7. Bxf7+ Kxf7 8. c4
Bg4 9. Nxe5+ dxe5 10. Qxg4 Ke8 11. Qh5+ g6 12. Qxe5+ Ne7 13. Qxh8 Kd7 14. Qxh7
Kc8 15. Qh3+ Kb7 16. cxb5 cxb5 17. Be3 Qxd3 18. Nc3 b4 19. Rfd1 Qc4 20. Qf3 Nbc6
21. Nd5 Nc8 22. Qxf8 Qxe4 23. Qf7+ Ka6 24. Nc7+ Kb7 25. Nxa8+ Kxa8 26. Qf8 Qg4
27. h3 Qe6 28. Rac1 Kb7 29. Qf3 Ne7 30. Qg4 Nf5 31. Rxc6 Kxc6 32. Qxb4 Qxa2 33.
Rc1+ Kd7 34. Rd1+ Ke6 35. Qb6+ Kf7 36. Rd7+ Ne7 37. Bc5 Ke8 38. Rxe7+ Kf8 39.
Qb8# 1-0

[Event "chessplayer123"]
[Site "http://www.queenalice.com/game.php?id=1442334"]
[Date "2016.9.21"]
[Round "4"]
[White "JOROVAS"]
[Black "Givanildo"]
[Result "0-1"]
[WhiteElo "1687"]
[BlackElo "1669"]

1. e4 d5 2. f3 dxe4 3. fxe4 Qd4 4. d3 e5 5. Ne2 Qb6 6. Qd2 Bc5 7. Qg5 Ne7 8.
Qxg7 Rg8 9. Qxh7 Bf2+ 10. Kd1 Be6 11. b3 Nd7 12. Qh5 Nf6 13. Qxe5 Qb4 14. c3 Qb6
15. Qxf6 Bc5 16. Bg5 Rxg5 17. Qxg5 Be3 18. Qh4 Ng6 19. Qh7 O-O-O 20. d4 Ne5 21.
Qh5 Nd3 22. Qf3 Bxb3+ 23. axb3 Qxb3# 0-1

[Event "chessplayer123"]
[Site "http://www.queenalice.com/game.php?id=1442344"]
[Date "2016.9.21"]
[Round "5"]
[White "jamesxirb"]
[Black "JOROVAS"]
[Result "0-1"]
[WhiteElo "1426"]
[BlackElo "1694"]

1. e4 Nc6 2. d4 b6 3. d5 Ne5 4. Nf3 d6 5. c4 Ba6 6. Nbd2 Nf6 7. Qa4+ Nfd7 8. Be2
Bc8 9. Nxe5 dxe5 10. Nb3 e6 11. Be3 Be7 12. O-O O-O 13. Rfd1 exd5 14. cxd5 Nf6
15. Bf3 Bg4 16. Nd2 a6 17. Rac1 Bxf3 18. Nxf3 h6 19. Nxe5 Bd6 20. Nc4 b5 21. Qc2
bxc4 22. Qxc4 Rb8 23. Qxa6 Nxe4 24. f3 Nf6 25. Qd3 Qe7 26. b3 Rfd8 27. Re1 Bb4
28. Re2 Rxd5 29. Qa6 Ba3 30. Qa7 Rc8 31. Qb7 Qd7 32. Kf2 Bxc1 33. Bxc1 Re8 34.
Rc2 Qe7 35. Kg3 Qe1+ 36. Kf4 Qe5# 0-1

[Event "duelo 1"]
[Site "http://www.queenalice.com/game.php?id=1442694"]
[Date "2016.9.24"]
[Round "-"]
[White "jw16js"]
[Black "JOROVAS"]
[Result "0-1"]
[WhiteElo "1606"]
[BlackElo "1653"]

1. e4 e5 2. Nf3 d6 3. g3 Nf6 4. Nc3 h6 5. h3 b6 6. Bg2 Nc6 7. a3 g5 8. g4 a6 9.
d3 Bg7 10. Nd5 Nxd5 11. exd5 Na5 12. b4 Nb7 13. Qe2 Qe7 14. Be3 e4 15. Nd4 Be5
16. Rd1 exd3 17. Rxd3 O-O 18. Nc6 Qf6 19. Be4 Re8 20. b5 Bc3+ 21. Kf1 Rxe4 22.
Rxc3 Qxc3 23. Kg2 Nc5 24. Rd1 Qxa3 25. Rd4 Bd7 26. Rxe4 Nxe4 27. Nd4 axb5 28.
Nxb5 Qb2 29. Nxc7 Rc8 30. Qc4 Qe5 31. f3 Qg3+ 32. Kf1 Qxf3+ 33. Ke1 Qxe3+ 34.
Qe2 Qg3+ 35. Kf1 Qxh3+ 36. Qg2 Qxg2+ 37. Kxg2 Rxc7 38. Kf3 Nc3 0-1

[Event "duelo 2"]
[Site "http://www.queenalice.com/game.php?id=1442750"]
[Date "2016.9.25"]
[Round "-"]
[White "JOROVAS"]
[Black "jw16js"]
[Result "1-0"]
[WhiteElo "1667"]
[BlackElo "1589"]

1. e4 c5 2. Nc3 e6 3. Nf3 Bd6 4. Nb5 Bf4 5. g3 Bc7 6. d3 h6 7. b3 Ba5+ 8. Bd2
Bxd2+ 9. Qxd2 Qb6 10. a4 a5 11. Qc3 f6 12. Nh4 Ne7 13. Bg2 e5 14. Bf3 h5 15.
O-O-O Qc6 16. Rhg1 Na6 17. Qxa5 b6 18. Qc3 Nb4 19. Qb2 Bb7 20. c3 Na6 21. Qe2 g5
22. Nf5 Qe6 23. Ng7+ Kf7 24. Nxe6 Kxe6 25. Bxh5 Nc6 26. Qg4+ Ke7 27. Qf3 Raf8
28. g4 Na5 29. Kb2 d6 30. b4 cxb4 31. cxb4 Nxb4 32. Qe3 Ra8 33. Qxb6 Rhc8 34.
Ka3 Rc6 35. Qxc6 Nbxc6 36. Nc7 Rc8 37. Nd5+ Ke6 38. Nb6 Rc7 39. Rb1 Nd4 40. Rbc1
Bc6 41. Kb4 Nab3 42. Rc3 Ra7 43. Rxb3 Ke7 44. Nc8+ Kd8 45. Nxa7 Bd7 46. Rbb1 Ke7
47. Bg6 Kf8 48. Rgc1 Nf3 49. Bf5 Bxf5 50. gxf5 Kg7 51. Rc7+ Kh6 52. Nc8 Kh5 53.
Nxd6 Kg4 54. a5 Kh3 55. a6 Kxh2 56. a7 Kg2 57. a8=Q Kxf2 58. Rc2+ Ke3 59. Rc3 g4
60. Qa7+ Kf4 61. Qg7 g3 62. Rf1 g2 63. Qxg2 Ke3 64. Qxf3+ Kd2 65. Qf2# 1-0

[Event "Challenge"]
[Site "http://www.queenalice.com/game.php?id=1447781"]
[Date "2016.11.3"]
[Round "-"]
[White "chessplayer123"]
[Black "JOROVAS"]
[Result "1-0"]
[WhiteElo "1672"]
[BlackElo "1699"]

1. e4 e5 2. Bc4 d6 3. d3 h6 4. f3 a6 5. Qe2 b5 6. Bb3 Nc6 7. c3 b4 8. Be3 Be6 9.
Bxe6 fxe6 10. Nh3 bxc3 11. Nxc3 d5 12. Bf2 Qg5 13. Nxg5 hxg5 14. O-O-O Nb4 15.
Kb1 d4 16. Na4 Ne7 17. Nc5 Ng6 18. Nxe6 Rc8 19. Rc1 c6 20. Nxg5 Nf4 21. Qd2 Nxg2
22. h4 Nf4 23. a3 Nbxd3 24. Qa5 Nxc1 25. Qxe5+ Be7 26. Qxf4 Nd3 27. Qf7+ Kd8 28.
Ne6+ Kd7 29. Bxd4 Rh6 30. Nc5+ Nxc5 31. Bxc5 Rd8 32. Bxe7 Kc8 33. Bxd8 Kxd8 34.
Qg8+ 1-0

[Event "Challenge"]
[Site "http://www.queenalice.com/game.php?id=1448907"]
[Date "2016.11.9"]
[Round "-"]
[White "carpio1969"]
[Black "JOROVAS"]
[Result "1-0"]
[WhiteElo "1631"]
[BlackElo "1671"]

1. e4 e5 2. Nf3 d6 3. d4 f6 4. Bc4 Ne7 5. d5 Bg4 6. h3 Bh5 7. Be3 a6 8. Nc3 b5
9. Bd3 c6 10. b4 Qc7 11. Ne2 cxd5 12. Ng3 Bxf3 13. gxf3 Nbc6 14. c3 d4 15. Bd2
g5 16. Nh5 dxc3 17. Nxf6+ Kf7 18. Nd5 Nxd5 19. exd5 cxd2+ 20. Qxd2 Nd4 21. Rc1
Qb7 22. Be4 Be7 23. Rg1 1-0

[Event "Challenge"]
[Site "http://www.queenalice.com/game.php?id=1480278"]
[Date "2017.5.30"]
[Round "-"]
[White "jw16js"]
[Black "JOROVAS"]
[Result "0-1"]
[WhiteElo "1583"]
[BlackElo "1680"]

1. g3 d5 2. d4 e6 3. Nf3 Nc6 4. Bd2 h6 5. Bg2 Qf6 6. Be3 Qe7 7. a3 Qd7 8. Ne5
Nxe5 9. dxe5 Ne7 10. Nc3 a6 11. Qd4 Nf5 12. Qd3 d4 13. g4 dxc3 14. gxf5 cxb2 15.
Rb1 Qxd3 16. cxd3 Bxa3 17. fxe6 fxe6 18. Bd4 Bb4+ 19. Kf1 O-O 20. Rxb2 a5 21.
Be4 c5 22. Be3 a4 23. Ra2 a3 24. Kg2 Rb8 25. Rc1 b6 26. Bc6 Rf5 27. f4 Ba6 28.
Be4 Rff8 29. Kg3 Bb5 30. h4 Rbc8 31. Bb7 Rc7 32. Be4 c4 33. Bxb6 Rcc8 34. d4 Bc6
35. Bg6 Bd5 36. h5 c3 37. Rb1 Bxa2 38. Rc1 Rc6 39. Bc5 Bxc5 40. Rxc3 Ra8 41. Be4
Bd5 42. Bg6 Bxd4 43. Rxa3 Rxa3+ 44. Kh4 Rc1 45. Bd3 Ra4 46. Kg3 Rg1+ 47. Kh4
Bf2+ 48. Kh3 Rxf4 49. e4 Bc6 50. Bc4 Rh1+ 51. Kg2 Bxe4# 0-1